[Event "Trenton (Mar)"]
[Site "?"]
[Date "1993.??.??"]
[Round "?"]
[White "Pulsipher, D."]
[Black "Grossman, Jay"]
[Result "1-0"]
[WhiteElo "1730"]
[BlackElo "1855"]
[PlyCount "57"]
[EventDate "1993.??.??"]

1. d4 Nf6 2. c4 g6 3. g3 Bg7 4. Bg2 O-O 5. e4 d6 6. Ne2 e5 7. d5 c6 8. Nbc3
cxd5 9. cxd5 Nh5 10. O-O f5 11. f4 Qb6+ 12. Kh1 fxe4 13. Nxe4 Bf5 14. Ng5 Re8
15. Ne6 Nd7 16. Nxg7 Kxg7 17. b3 Nc5 18. fxe5 dxe5 19. Be3 Qd6 20. Bxc5 Qxc5
21. Rc1 Qd6 22. Nc3 a6 23. g4 Bxg4 24. Qxg4 Nf6 25. Ne4 Nxe4 26. Bxe4 Rf8 27.
Rxf8 Rxf8 28. Qe6 Qxe6 29. dxe6 1-0

[Event "Troy (TCC/X/1b/2)"]
[Site "?"]
[Date "1993.??.??"]
[Round "?"]
[White "Profit, Brian"]
[Black "Wright, William"]
[Result "1/2-1/2"]
[WhiteElo "2080"]
[BlackElo "2140"]
[PlyCount "74"]
[EventDate "1993.??.??"]

1. d4 d5 2. c4 e6 3. Nc3 Nf6 4. cxd5 exd5 5. Bg5 c6 6. e3 Bd6 7. Bd3 O-O 8. Qc2
h6 9. Bh4 Nbd7 10. Nf3 Re8 11. O-O Nf8 12. Rab1 Bg4 13. b4 a6 14. a4 Bxf3 15.
gxf3 N8d7 16. b5 axb5 17. axb5 Qc7 18. Bg3 Bxg3 19. hxg3 Rec8 20. Qb3 Qd6 21.
Na4 c5 22. Nxc5 Nxc5 23. dxc5 Qxc5 24. Ra1 Rxa1 25. Rxa1 d4 26. exd4 Qxd4 27.
Ra4 Qb6 28. Bc4 Qc7 29. Qa2 b6 30. Bb3 Qd7 31. Bc4 g6 32. Ra7 Rc7 33. Ra8+ Kg7
34. Qa3 Rc5 35. Ra7 Rc7 36. Rxc7 Qxc7 37. Qb3 Ne8 1/2-1/2

[Event "Troy (TCC/X/5/7)"]
[Site "?"]
[Date "1993.??.??"]
[Round "?"]
[White "Profit, Brian"]
[Black "LaForge, Tom"]
[Result "1-0"]
[WhiteElo "2080"]
[BlackElo "2005"]
[PlyCount "79"]
[EventDate "1993.??.??"]

{5/(7)} 1. d4 Nf6 2. c4 c5 3. d5 e5 4. Nc3 d6 5. e4 Be7 6. Bd3 Na6 7. Nf3 O-O
8. O-O Nc7 9. h3 Bd7 10. Be3 a6 11. Qc2 b5 12. b3 Rb8 13. Rab1 Nh5 14. Ne2 bxc4
15. bxc4 Rxb1 16. Rxb1 Qc8 17. Kh2 g6 18. g4 Ng7 19. Ng3 f5 20. gxf5 gxf5 21.
exf5 Nxf5 22. Nxf5 Bxf5 23. Bxf5 Qxf5 24. Qxf5 Rxf5 25. Nd2 Ne8 26. Rb6 Bg5 27.
Bxg5 Rxg5 28. Rxa6 Rf5 29. Ne4 Rf4 30. f3 Rxf3 31. Ra8 Rf8 32. a4 Kg7 33. a5
Rf4 34. Nxc5 dxc5 35. Rxe8 Rxc4 36. a6 Kf7 37. a7 Ra4 38. a8=Q Rxa8 39. Rxa8
Ke7 40. Ra6 1-0

[Event "Troy (TCC/X/3/7)"]
[Site "?"]
[Date "1993.??.??"]
[Round "?"]
[White "Profit, Brian"]
[Black "Ball, Ed"]
[Result "1/2-1/2"]
[WhiteElo "2080"]
[BlackElo "2000"]
[PlyCount "95"]
[EventDate "1993.??.??"]

{3/(7)} 1. d4 g6 2. c4 Bg7 3. Nc3 d6 4. e4 c6 5. Be3 Nd7 6. f3 e5 7. Nge2 Ne7
8. Qd2 O-O 9. Rd1 Nb6 10. Nc1 Qc7 11. Be2 f5 12. O-O f4 13. Bf2 g5 14. c5 dxc5
15. dxc5 Nd7 16. Qd6 Qxd6 17. Rxd6 Rf6 18. Rfd1 Rxd6 19. Rxd6 Bf8 20. Bc4+ Kg7
21. Rd2 Ng6 22. Nb3 Be7 23. Be6 Ndf8 24. Bxc8 Rxc8 25. Na5 Rc7 26. b4 Nd7 27.
a3 Kf7 28. Nc4 Ke6 29. Kf1 Nh8 30. Nd5 Rc8 31. Nc3 Nf7 32. Ke1 Rc7 33. Kd1 Nf8
34. Kc2 Rd7 35. Rxd7 Kxd7 36. Kd3 h5 37. Na5 Kc7 38. Nc4 g4 39. Ke2 Ng6 40. Nd1
Nh4 41. Bxh4 Bxh4 42. Ndb2 b5 43. cxb6+ axb6 44. Nd3 Bf6 45. fxg4 hxg4 46. Nf2
Nh6 47. Nd3 Nf7 48. Nf2 1/2-1/2

[Event "Flint (MI Jr/1)"]
[Site "?"]
[Date "1993.??.??"]
[Round "?"]
[White "Princing, D."]
[Black "Mannor, Eric"]
[Result "0-1"]
[WhiteElo "1605"]
[BlackElo "1605"]
[PlyCount "88"]
[EventDate "1993.??.??"]

1. e4 e5 2. Nf3 Nc6 3. Bc4 Bc5 4. O-O d6 5. h3 Nf6 6. d3 h6 7. Nc3 a6 8. Nd5
Na5 9. b4 Nxc4 10. dxc4 Ba7 11. Nh4 Nxe4 12. Nf3 Be6 13. Re1 Bxf2+ 14. Kf1 Bxe1
15. Qxe1 Nf6 16. Ne3 Qd7 17. Qg3 Nh5 18. Qh4 Nf4 19. Ng1 Ng6 20. Qh5 Qc6 21.
Qe2 Nf4 22. Qf2 Bxc4+ 23. Ke1 Bb5 24. Bd2 Qd7 25. Nf3 Bd3 26. c3 a5 27. a3 axb4
28. cxb4 O-O 29. Nh4 c6 30. Nd1 Qe6 31. Nc3 Bh7 32. Qb6 Qd7 33. Qf2 Nd3+ 34.
Kf1 Nxf2 35. Kxf2 f5 36. Ne2 f4 37. Nf3 Bd3 38. Nc1 e4 39. Nd4 e3+ 40. Bxe3
fxe3+ 41. Kxe3 Bf1 42. Ncb3 Rae8+ 43. Kd2 Rf2+ 44. Kc3 Re3# 0-1

[Event "Flint (MI Jr/5)"]
[Site "?"]
[Date "1993.??.??"]
[Round "?"]
[White "Princing, D."]
[Black "Khraizat, Ali"]
[Result "0-1"]
[WhiteElo "1605"]
[BlackElo "1605"]
[PlyCount "54"]
[EventDate "1993.??.??"]

1. e4 e6 2. Bc4 d5 3. exd5 exd5 4. Bb3 Bc5 5. Nc3 Nf6 6. h3 O-O 7. Nf3 Re8+ 8.
Ne2 Bf5 9. O-O Nc6 10. d3 Qe7 11. Nf4 Qd7 12. Nh4 Re7 13. Bd2 Rae8 14. Nf3 g5
15. Nxg5 Kh8 16. Nf3 Rg8 17. c4 dxc4 18. dxc4 Bd6 19. Nd5 Nxd5 20. cxd5 Ne5 21.
Bc3 Bxh3 22. Nh4 f6 23. Ba4 b5 24. Bb3 Reg7 25. Qd2 Rxg2+ 26. Nxg2 Nf3+ 27. Kh1
Bxg2# 0-1

[Event "Ann Arbor (HVA/2/15)"]
[Site "?"]
[Date "1993.??.??"]
[Round "?"]
[White "Potter, George"]
[Black "Guilfoyle, Jeff"]
[Result "1-0"]
[WhiteElo "1865"]
[BlackElo "1605"]
[PlyCount "91"]
[EventDate "1993.??.??"]

{2/(15)} 1. e4 c6 2. d4 d5 3. e5 Bf5 4. Bd3 Bxd3 5. Qxd3 e6 6. Be3 Nd7 7. Ne2
f6 8. f4 Nh6 9. h3 Nf5 10. O-O c5 11. c3 c4 12. Qd2 Be7 13. Bf2 O-O 14. g4 Nh6
15. exf6 Nxf6 16. Qe3 Ne4 17. Ng3 Nxg3 18. Qxe6+ Kh8 19. Bxg3 Qd6 20. Qxd6 Bxd6
21. Kg2 Rae8 22. f5 Re2+ 23. Rf2 Rxf2+ 24. Kxf2 Bxg3+ 25. Kxg3 g6 26. fxg6 hxg6
27. Nd2 Kg7 28. Re1 Ng8 29. Re5 Rd8 30. Kf4 Rd7 31. Nf3 Rf7+ 32. Kg3 Nf6 33.
Ng5 Rd7 34. Ne6+ Kg8 35. Nf4 Kg7 36. g5 Ne4+ 37. Kf3 b5 38. Nxd5 Nd6 39. Re7+
Rxe7 40. Nxe7 Kf7 41. Nd5 Ke6 42. Ne3 a6 43. Kf4 a5 44. h4 b4 45. d5+ Ke7 46.
Ke5 1-0

[Event "Ann Arbor (HV Mini)"]
[Site "?"]
[Date "1993.??.??"]
[Round "?"]
[White "Potter, George"]
[Black "Gabbara, Faris"]
[Result "0-1"]
[WhiteElo "1885"]
[BlackElo "2195"]
[PlyCount "73"]
[EventDate "1993.??.??"]

1. e4 e5 2. Nf3 Nc6 3. Nc3 Nf6 4. Be2 Bc5 5. d3 d6 6. Be3 Nd4 7. O-O Nxe2+ 8.
Qxe2 Bb6 9. d4 Bg4 10. Rad1 Qe7 11. h3 Bh5 12. dxe5 Bxf3 13. Qxf3 Qxe5 14. Bf4
Qe6 15. e5 dxe5 16. Bxe5 O-O 17. Bxf6 Qxf6 18. Qxb7 Rab8 19. Qe4 Ba5 20. Nd5
Qxb2 21. Ne7+ Kh8 22. Rd5 Rb5 23. Rfd1 Rxd5 24. Rxd5 Qc1+ 25. Kh2 Bd2 26. Qd3
Bg5 27. Nf5 Qf4+ 28. Qg3 Qxg3+ 29. Kxg3 g6 30. Nd4 Bf6 31. Nc6 Re8 32. Rd7 Kg7
33. Kf3 Be5 34. Nxe5 Rxe5 35. Rxc7 Ra5 36. c4 Rxa2 37. c5 $138 0-1

[Event "Ann Arbor (HVA/5/3)"]
[Site "?"]
[Date "1993.??.??"]
[Round "?"]
[White "Potter, George"]
[Black "Croel, Duane"]
[Result "0-1"]
[WhiteElo "1865"]
[BlackElo "1820"]
[PlyCount "76"]
[EventDate "1993.??.??"]

{5/(3)} 1. e4 c5 2. Nf3 d6 3. d4 cxd4 4. Nxd4 Nf6 5. Nc3 g6 6. Be2 Bg7 7. Be3
O-O 8. O-O Nc6 9. Qd2 Bd7 10. Rad1 Ng4 11. Bxg4 Bxg4 12. f3 Bd7 13. Nce2 Ne5
14. Bh6 Qb6 15. Bxg7 Kxg7 16. Kh1 Rac8 17. f4 Nc6 18. f5 Qxb2 19. Qf4 Ne5 20.
f6+ exf6 21. Qxf6+ Kg8 22. Ng3 Ng4 23. Qf4 Rc3 24. Rd3 Rxd3 25. cxd3 Qb6 26.
Nge2 Ne5 27. Qg3 Kh8 28. h3 Qc5 29. Rc1 Qb6 30. Rc3 h5 31. Rc2 a5 32. Rd2 f5
33. Nf3 Qe3 34. Ned4 f4 35. Qg5 Nxf3 36. Nxf3 Bxh3 37. Qe7 Kg8 38. Qxb7 Bg4 {
[Remainder illegible; 0-1, 57?]} 0-1

[Event "East Lansing (MOR/3/12)"]
[Site "?"]
[Date "1993.??.??"]
[Round "?"]
[White "Post, Robert"]
[Black "Iyer, Krishnan"]
[Result "1-0"]
[WhiteElo "1740"]
[BlackElo "1605"]
[PlyCount "71"]
[EventDate "1993.??.??"]

{3/(12)} 1. Nf3 b6 2. g3 Bb7 3. Bg2 Nf6 4. O-O Nc6 5. d4 e6 6. a3 d5 7. Nc3 Bd6
8. Nb5 Qd7 9. Nxd6+ cxd6 10. c3 O-O-O 11. b4 Ne4 12. Qc2 Ba6 13. a4 b5 14. axb5
Bxb5 15. Re1 Qc7 16. Qb2 Rhe8 17. Nd2 f5 18. Nxe4 fxe4 19. Be3 Kb8 20. Ra3 Ne7
21. Bh3 Nf5 22. Bxf5 exf5 23. Rea1 a6 24. Rxa6 Bxa6 25. Rxa6 Qc4 26. b5 Kb7 27.
Rc6 Qa4 28. Bf4 Re6 29. Ra6 Qd1+ 30. Kg2 Ra8 31. Rxa8 Kxa8 32. Qa3+ Kb7 33.
Qa6+ Kc7 34. b6+ Kd7 35. b7 Qb3 36. Qa7 1-0

[Event "East Lansing (MOR/4/7)"]
[Site "?"]
[Date "1993.??.??"]
[Round "?"]
[White "Post, Robert"]
[Black "Drysdale, Gilbert"]
[Result "1/2-1/2"]
[WhiteElo "1740"]
[BlackElo "1655"]
[PlyCount "47"]
[EventDate "1993.??.??"]

{4/(7)} 1. Nf3 f5 2. d4 Nf6 3. g3 g6 4. Bg2 Bg7 5. c4 d6 6. Nc3 O-O 7. O-O Qe8
8. b3 c6 9. Ba3 h6 10. Qc2 g5 11. e3 Qh5 12. Rfe1 Nbd7 13. h3 Ne4 14. Ne2 Ndf6
15. Rad1 f4 16. g4 Bxg4 17. hxg4 Qxg4 18. exf4 gxf4 19. Kf1 Qg6 20. Qd3 Ng4 21.
Nh4 Qg5 22. Nf3 Qg6 23. Nh4 Qg5 24. Nf3 1/2-1/2

[Event "East Lansing (MOR/6/12)"]
[Site "?"]
[Date "1993.??.??"]
[Round "?"]
[White "Post, Robert"]
[Black "Distefano, R."]
[Result "1-0"]
[WhiteElo "1740"]
[BlackElo "1605"]
[PlyCount "55"]
[EventDate "1993.??.??"]

{6/(12)} 1. Nf3 Nf6 2. g3 g6 3. Bg2 Bg7 4. O-O O-O 5. c4 c5 6. d4 cxd4 7. Nxd4
Nc6 8. Nc3 Nxd4 9. Qxd4 d6 10. Rb1 a6 11. Qd1 Rb8 12. a4 Bf5 13. e4 Bd7 14. Qd3
Qc8 15. b4 Bh3 16. b5 Bxg2 17. Kxg2 a5 18. Nd5 Nxd5 19. cxd5 b6 20. Be3 Qb7 21.
Rfc1 Rfc8 22. Rc6 h5 23. Rxb6 Qd7 24. Rxb8 Rxb8 25. Rc1 Bb2 26. Rc6 Kg7 27. Qc2
Ba3 28. Qc3+ 1-0

[Event "Trenton (Mar)"]
[Site "?"]
[Date "1993.??.??"]
[Round "?"]
[White "Poschel, Paul"]
[Black "Pulsipher, D."]
[Result "1/2-1/2"]
[WhiteElo "2310"]
[BlackElo "1730"]
[PlyCount "81"]
[EventDate "1993.??.??"]

1. c4 Nf6 2. Nc3 e6 3. e4 d5 4. e5 d4 5. exf6 dxc3 6. bxc3 Qxf6 7. d4 c5 8. Nf3
h6 9. Bd3 Nc6 10. O-O Bd6 11. Be3 O-O 12. dxc5 Bc7 13. Qc2 Bd7 14. Rab1 Rab8
15. Rfd1 Rfd8 16. Nd2 Qh4 17. g3 Qe7 18. Ne4 e5 19. Nd6 Bg4 20. Be2 Bxe2 21.
Qxe2 Bxd6 22. cxd6 Rxd6 23. Rxd6 Qxd6 24. c5 Qe7 25. Qb5 Qd8 26. Qb3 Qe7 27.
Rd1 Rd8 28. Rd5 Rxd5 29. Qxd5 Kf8 30. Qe4 Kg8 31. Qg4 Kh7 32. h4 a6 33. Kh2 Nd8
34. Qe4+ Kg8 35. f4 Nc6 36. f5 f6 37. Qd5+ Qf7 38. Qd2 Kf8 39. Qd6+ Ke8 40. Qd2
Qd7 41. Qf2 1/2-1/2

[Event "Flint (MI Senior/3)"]
[Site "?"]
[Date "1993.??.??"]
[Round "?"]
[White "Poschel, Paul"]
[Black "Pence, Mark"]
[Result "1-0"]
[WhiteElo "2280"]
[BlackElo "2115"]
[PlyCount "69"]
[EventDate "1993.??.??"]

1. c4 c5 2. Nf3 Nc6 3. Nc3 g6 4. e3 Bg7 5. d4 cxd4 6. exd4 d6 7. d5 Nb8 8. Be3
Nf6 9. h3 O-O 10. Be2 a5 11. O-O Nbd7 12. Nd4 Nc5 13. Qc2 Bd7 14. Rfd1 Qc8 15.
Ncb5 Rd8 16. Bf3 Rf8 17. Rac1 Ne8 18. b3 Nc7 19. Nc3 Ne8 20. Qd2 Nf6 21. Bh6
Re8 22. Bxg7 Kxg7 23. Re1 Qd8 24. Re3 Bc8 25. Rce1 Ng8 26. Bd1 Bd7 27. Bc2 Nf6
28. f4 Ng8 29. f5 Bc8 30. fxg6 hxg6 31. Rg3 Nh6 32. Bxg6 fxg6 33. Qc2 Nf5 34.
Nxf5+ Kh7 35. Nh4 1-0

[Event "Flint (MI Senior/1)"]
[Site "?"]
[Date "1993.??.??"]
[Round "?"]
[White "Poschel, Paul"]
[Black "Basas, J."]
[Result "1-0"]
[WhiteElo "2280"]
[BlackElo "1655"]
[PlyCount "57"]
[EventDate "1993.??.??"]

1. c4 e5 2. Nc3 Nf6 3. Nf3 Nc6 4. e4 Bc5 5. Nxe5 Nxe5 6. d4 Bxd4 7. Qxd4 d6 8.
Be2 h6 9. O-O b6 10. b3 Bb7 11. Bb2 Qd7 12. Nd5 O-O-O 13. f4 Nc6 14. Qd3 Rde8
15. Bxf6 Nb4 16. Nxb4 Bxe4 17. Qd2 gxf6 18. Bf3 Qf5 19. Nd5 Rhg8 20. Bxe4 Rxe4
21. Rae1 Rge8 22. Rxe4 Rxe4 23. Re1 Kb7 24. Rxe4 Qxe4 25. Nxf6 Qe6 26. Qd5+ c6
27. Qxe6 fxe6 28. g4 Kc8 29. Ng8 1-0

[Event "East Lansing (MI Op/4/24)"]
[Site "?"]
[Date "1993.??.??"]
[Round "?"]
[White "Pope, Nick"]
[Black "Triplett, Thomas"]
[Result "1/2-1/2"]
[WhiteElo "1805"]
[BlackElo "1960"]
[PlyCount "80"]
[EventDate "1993.??.??"]

{4/(24)} 1. e4 c5 2. c3 d5 3. exd5 Qxd5 4. Nf3 Nf6 5. d4 e6 6. c4 Qd8 7. Be2
Be7 8. O-O O-O 9. Nc3 Nc6 10. d5 exd5 11. cxd5 Nb4 12. Bc4 Bg4 13. Be3 Bxf3 14.
Qxf3 Nc2 15. Rad1 Nxe3 16. Qxe3 Bd6 17. h3 Re8 18. Qf3 a6 19. a4 Qb6 20. b3 Re7
21. Rde1 Rae8 22. Re2 Rxe2 23. Nxe2 Qb4 24. Nc3 Qb6 25. Rd1 Re5 26. Kf1 Qd8 27.
Re1 Qe8 28. Rxe5 Qxe5 29. Qe3 Qxe3 30. fxe3 Be5 31. Nd1 Kf8 32. Ke2 Ke8 33. Kf3
Kd7 34. Nf2 Kd6 35. Ne4+ Nxe4 36. Kxe4 g6 37. g4 h6 38. Kf3 f6 39. Ke4 Bh2 40.
Kf3 b5 1/2-1/2

[Event "East Lansing (MI Op/2/14)"]
[Site "?"]
[Date "1993.??.??"]
[Round "?"]
[White "Pope, Nick"]
[Black "Mazuchowski, Tom"]
[Result "0-1"]
[WhiteElo "1805"]
[BlackElo "2100"]
[PlyCount "106"]
[EventDate "1993.??.??"]

{2/(14)} 1. e4 c5 2. c3 d6 3. d4 Nf6 4. dxc5 Nc6 5. cxd6 Nxe4 6. Be3 Qxd6 7.
Qxd6 Nxd6 8. Nd2 e5 9. Nc4 Be6 10. Nxd6+ Bxd6 11. Bb5 Ke7 12. Ne2 a6 13. Bd3 f6
14. O-O g6 15. Rfc1 Kf7 16. Rd1 Be7 17. f4 Rhd8 18. Bb6 Rd7 19. h3 Bd8 20. Be3
Bc7 21. Bc2 Rad8 22. Kf2 Rxd1 23. Rxd1 Rxd1 24. Bxd1 Bxa2 25. b3 Bb1 26. fxe5
fxe5 27. Nc1 Ke6 28. b4 b6 29. g4 Kf6 30. Be2 a5 31. bxa5 bxa5 32. Bb5 Ne7 33.
c4 Nc8 34. Ne2 Nd6 35. Nc3 Ne4+ 36. Nxe4+ Bxe4 37. g5+ Kf7 38. c5 Bd5 39. c6
Ke6 40. Bc1 Bb6+ 41. Ke2 Kd6 42. Ba3+ Kc7 43. Be7 Bd4 44. Bd3 Kxc6 45. Kd2 e4
46. Bf1 Kd7 47. Ba3 Ke6 48. h4 Kf5 49. Bh3+ Kf4 50. Bd6+ Be5 51. Bxe5+ Kxe5 52.
Ke3 a4 53. Kd2 Kf4 0-1

[Event "Ann Arbor (HVA/2/10)"]
[Site "?"]
[Date "1993.??.??"]
[Round "?"]
[White "Pope, Nick"]
[Black "Mansour, K."]
[Result "1-0"]
[WhiteElo "1805"]
[BlackElo "1605"]
[PlyCount "69"]
[EventDate "1993.??.??"]

{2/(10)} 1. e4 e6 2. d4 d5 3. exd5 exd5 4. Nf3 Nc6 5. Bf4 f6 6. c3 Bd7 7. Bd3
Qe7+ 8. Be3 g6 9. O-O Qg7 10. Qb3 O-O-O 11. a4 Nge7 12. Nbd2 h5 13. Qc2 g5 14.
b4 h4 15. a5 g4 16. Ne1 g3 17. Ndf3 gxh2+ 18. Nxh2 Bh3 19. Kh1 Bd7 20. b5 Nb8
21. b6 a6 22. bxc7 Kxc7 23. Rb1 Bc6 24. Bf4+ Kd7 25. Bf5+ Ke8 26. Nef3 Rh5 27.
Bg4 Rh8 28. Rfe1 Nd7 29. Bf5 Nb8 30. Re6 Kf7 31. Ng4 h3 32. g3 Ng8 33. Rbe1 Nd7
34. Ng5+ fxg5 35. Bg6+ 1-0

[Event "East Lansing (MI Op/6/25)"]
[Site "?"]
[Date "1993.??.??"]
[Round "?"]
[White "Pope, Nick"]
[Black "Malingkas, R."]
[Result "0-1"]
[WhiteElo "1805"]
[BlackElo "1935"]
[PlyCount "82"]
[EventDate "1993.??.??"]

{6/(25)} 1. e4 g6 2. d4 Bg7 3. Nf3 d6 4. h3 Nf6 5. Bd3 O-O 6. O-O Nbd7 7. c3 e5
8. Bg5 Qe8 9. Re1 h6 10. Bxf6 Nxf6 11. Nbd2 Nh5 12. Nf1 Nf4 13. d5 Qe7 14. Ng3
h5 15. Bf1 Bh6 16. Ne2 h4 17. Kh2 Kg7 18. Nxf4 Bxf4+ 19. g3 hxg3+ 20. fxg3 Bh6
21. Bg2 Rh8 22. Rf1 Be3 23. Qe2 Bb6 24. Qd2 Bd7 25. c4 a5 26. Ng1 Rh7 27. Qe2
Rah8 28. g4 Qg5 29. Qd3 f6 30. Rad1 Bxg4 31. Qg3 Bxd1 32. Qxg5 fxg5 33. Rxd1 g4
34. Rd3 Bxg1+ 35. Kxg1 gxh3 36. Bh1 Rh4 37. Kh2 Rf4 38. Rd2 Rhf8 39. Kxh3 Rf2
40. Rd3 Rxb2 41. Ra3 Rh8+ 0-1

[Event "Ann Arbor (HVA/3/3)"]
[Site "?"]
[Date "1993.??.??"]
[Round "?"]
[White "Pope, Nick"]
[Black "June, Brian"]
[Result "1-0"]
[WhiteElo "1805"]
[BlackElo "1855"]
[PlyCount "117"]
[EventDate "1993.??.??"]

{3/(3)} 1. e4 c5 2. c3 Nc6 3. Nf3 g6 4. d4 cxd4 5. cxd4 Bg7 6. Be3 d6 7. Bb5
Bd7 8. O-O Nf6 9. Nc3 O-O 10. Rc1 Ng4 11. Bg5 h6 12. Bh4 a6 13. Be2 Qb6 14. d5
Nd4 15. Nxd4 Nxh2 16. Kxh2 Bxd4 17. Qd2 Kh7 18. Bd3 f5 19. exf5 Bxf5 20. Bxf5
Rxf5 21. g4 Rf3 22. Na4 Be5+ 23. Kg2 Qb5 24. Kxf3 Rf8+ 25. Kg2 Qxa4 26. Bg3
Qxg4 27. Qd3 h5 28. Rc4 Rf4 29. Rxf4 Bxf4 30. Qf3 Qxf3+ 31. Kxf3 Bg5 32. Bf4
Bf6 33. b3 g5 34. Bh2 Kg6 35. Rc1 Kf5 36. Rc7 g4+ 37. Kg2 Ke4 38. Rxb7 h4 39.
Ra7 Kxd5 40. Rxa6 e5 41. Ra4 e4 42. Ra6 Be7 43. Bf4 Kc5 44. Ra7 Bf6 45. Rc7+
Kd5 46. a4 Bd4 47. a5 Ke6 48. a6 d5 49. a7 Bxa7 50. Rxa7 d4 51. b4 Kd5 52. Rc7
g3 53. fxg3 hxg3 54. Kxg3 e3 55. Kf3 Ke6 56. b5 d3 57. Bxe3 Kd5 58. b6 Kd6 59.
Bd2 1-0

[Event "Flint (Class DE/3)"]
[Site "?"]
[Date "1993.??.??"]
[Round "?"]
[White "Pontoni, M."]
[Black "Scott, A."]
[Result "1-0"]
[WhiteElo "1605"]
[BlackElo "1605"]
[PlyCount "119"]
[EventDate "1993.??.??"]

1. e4 e5 2. Nf3 d6 3. d4 Nc6 4. Bb5 Bd7 5. Bc4 Be7 6. Nc3 h6 7. d5 Na5 8. Bb5
c6 9. dxc6 Nxc6 10. Bxc6 Bxc6 11. O-O Nf6 12. Qe2 O-O 13. Rd1 Re8 14. Nxe5 Qc7
15. Nxc6 Qxc6 16. f4 Rad8 17. e5 dxe5 18. Rxd8 Bxd8 19. fxe5 Nd7 20. Kh1 Rxe5
21. Qf1 Qa6 22. Bf4 Qxf1+ 23. Rxf1 Rf5 24. g4 Rf6 25. Nd5 Rc6 26. Re1 Nf6 27.
Nxf6+ Bxf6 28. c3 g5 29. Bd2 Kg7 30. Rc1 Kg6 31. Rc2 Be5 32. b4 h5 33. h3 Rc4
34. gxh5+ Kxh5 35. Kg2 f5 36. Be1 g4 37. hxg4+ Rxg4+ 38. Kh1 Bg3 39. Bxg3 Rxg3
40. Rh2+ Kg4 41. Rg2 Kh3 42. Rxg3+ Kxg3 43. c4 Kf3 44. Kg1 b6 45. c5 bxc5 46.
bxc5 Kg4 47. c6 Kh3 48. c7 f4 49. c8=Q+ Kg3 50. Qg8+ Kf3 51. Qb8 a5 52. Qb5 Kg4
53. Qxa5 f3 54. Qb5 Kf4 55. a4 Ke4 56. a5 Kd4 57. a6 Ke4 58. a7 Kd4 59. a8=Q
Ke3 60. Qd7 1-0

[Event "Troy (TCC/DEU/3/4)"]
[Site "?"]
[Date "1993.??.??"]
[Round "?"]
[White "Pontoni, M."]
[Black "Leaman, P."]
[Result "1-0"]
[WhiteElo "1605"]
[BlackElo "1605"]
[PlyCount "95"]
[EventDate "1993.??.??"]

{3/(4)} 1. e4 e5 2. Nf3 Nc6 3. Bc4 h6 4. Nc3 Nf6 5. d4 exd4 6. Nxd4 Nxd4 7.
Qxd4 d6 8. Bf4 Be7 9. Nd5 Nxd5 10. Bxd5 O-O 11. O-O-O Bg5 12. Bd2 Bxd2+ 13.
Rxd2 Qe7 14. f4 Re8 15. Re1 Qh4 16. g3 Qe7 17. e5 Bg4 18. Rf2 Bh5 19. h3 dxe5
20. Rxe5 Qf6 21. Rxe8+ Rxe8 22. Qxf6 Re1+ 23. Kd2 Rd1+ 24. Kc3 gxf6 25. Bxb7
Rh1 26. Bxh1 Kf8 27. Be4 Ke7 28. g4 Bg6 29. Re2 Kd6 30. Bxg6 fxg6 31. h4 Kd5
32. Re7 a6 33. Rxc7 Ke4 34. Rc4+ Kf3 35. g5 hxg5 36. fxg5 f5 37. h5 gxh5 38.
Rh4 Ke3 39. Rxh5 f4 40. g6 f3 41. Rh3 Ke2 42. Rxf3 Kxf3 43. g7 Kg2 44. g8=Q+
Kh3 45. Kd3 a5 46. Ke4 a4 47. Kf3 Kh4 48. Qg4# 1-0

[Event "Lansing (MI Am/5)"]
[Site "?"]
[Date "1993.??.??"]
[Round "?"]
[White "Pontoni, M."]
[Black "Labiner, Jordan"]
[Result "1/2-1/2"]
[WhiteElo "1605"]
[BlackElo "1625"]
[PlyCount "120"]
[EventDate "1993.??.??"]

1. e4 Nf6 2. Nc3 d5 3. e5 Ne4 4. Nxe4 dxe4 5. Qe2 Qd5 6. d3 exd3 7. cxd3 Nc6 8.
Bf4 e6 9. a3 Bc5 10. Nf3 b6 11. b4 Nd4 12. Nxd4 Qxd4 13. Rd1 Bxb4+ 14. axb4
Qxf4 15. Qe4 Qxe4+ 16. dxe4 Bb7 17. Bb5+ c6 18. Ba4 O-O 19. Rd7 Ba6 20. Bxc6
Rac8 21. Ba4 Rfd8 22. Rxd8+ Rxd8 23. b5 Bb7 24. f3 Rc8 25. O-O Kf8 26. Rd1 Ke7
27. Re1 Rc5 28. f4 Rc4 29. Bb3 Rb4 30. Bc2 Rxb5 31. Re3 Rc5 32. Bb3 Bc6 33. Rh3
Bxe4 34. Rg3 g6 35. Rh3 h5 36. Re3 Bc2 37. Bxc2 Rxc2 38. Ra3 a5 39. Rb3 Rc6 40.
Kf2 a4 41. Rb4 Rc2+ 42. Kg3 a3 43. Rxb6 Rc3+ 44. Kh4 a2 45. Ra6 Rc2 46. Kh3 Kd7
47. g3 Kc7 48. Kh4 Rxh2+ 49. Kg5 Kb7 50. Ra4 Kb6 51. Kf6 Kb5 52. Ra8 Kb4 53.
Kxf7 Kb3 54. Kxe6 Rh1 55. Kf6 Rg1 56. e6 Rxg3 57. e7 Re3 58. Kxg6 h4 59. Rb8+
Kc2 60. Rc8+ Kb2 1/2-1/2

[Event "Troy (TCC/DEU/4/2)"]
[Site "?"]
[Date "1993.??.??"]
[Round "?"]
[White "Pontoni, M."]
[Black "Houston, Ryan"]
[Result "0-1"]
[WhiteElo "1605"]
[BlackElo "1605"]
[PlyCount "102"]
[EventDate "1993.??.??"]

{4/(2)} 1. e4 e5 2. Nf3 Nc6 3. Bc4 Nf6 4. Ng5 d5 5. exd5 Nxd5 6. Nxf7 Kxf7 7.
Qf3+ Ke6 8. Nc3 Ncb4 9. Qg4+ Ke7 10. Qg5+ Ke8 11. Qxe5+ Qe7 12. Qxe7+ Nxe7 13.
Bb3 Be6 14. O-O Bxb3 15. cxb3 Nc2 16. Rb1 c6 17. Nd1 Nd5 18. Ne3 Ncxe3 19. dxe3
Rd8 20. f4 Bc5 21. Kh1 Nb4 22. a3 Na2 23. b4 Nxc1 24. Rbxc1 Bb6 25. Rcd1 Kf7
26. Rxd8 Rxd8 27. e4 g6 28. g4 Bc7 29. h4 Rd4 30. e5 Ke7 31. Kg2 Rd2+ 32. Rf2
Rxf2+ 33. Kxf2 Bxe5 34. fxe5 Ke6 35. Kf3 Kxe5 36. b3 a6 37. a4 h6 38. Ke3 b6
39. Kf3 g5 40. hxg5 hxg5 41. Ke3 b5 42. a5 Kd5 43. Kf3 Kd4 44. Ke2 Kc3 45. Ke3
Kxb3 46. Ke4 Kxb4 47. Kf5 c5 48. Kxg5 c4 49. Kf5 c3 50. g5 c2 51. g6 c1=Q 0-1

[Event "Lansing (MI Am/3)"]
[Site "?"]
[Date "1993.??.??"]
[Round "?"]
[White "Pontoni, M."]
[Black "Golingai, P."]
[Result "1-0"]
[WhiteElo "1605"]
[BlackElo "1630"]
[PlyCount "43"]
[EventDate "1993.??.??"]

1. e4 e6 2. d4 d5 3. exd5 exd5 4. Nf3 Bd6 5. c4 dxc4 6. Bxc4 Nf6 7. Qe2+ Qe7 8.
Ng5 Qxe2+ 9. Kxe2 O-O 10. Re1 h6 11. Nf3 Bg4 12. Nbd2 Bb4 13. a3 Bd6 14. b4 Nc6
15. Bb2 Rfe8+ 16. Kf1 Re7 17. d5 Rxe1+ 18. Rxe1 Ne7 19. Bxf6 gxf6 20. Ne4 Be5
21. Nxe5 fxe5 22. Nf6+ 1-0

[Event "Jackson (Prison m)"]
[Site "?"]
[Date "1993.??.??"]
[Round "?"]
[White "Pontoni, M."]
[Black "Etheridge"]
[Result "0-1"]
[WhiteElo "1605"]
[BlackElo "1605"]
[PlyCount "55"]
[EventDate "1993.??.??"]

1. e4 e5 2. Nf3 Nc6 3. Bc4 h6 4. d4 exd4 5. Nxd4 Ne5 6. Bb3 Bc5 7. Qh5 Bxd4 8.
f4 Nf6 9. Qd1 Nc6 10. c3 Bc5 11. e5 Qe7 12. Na3 Ne4 13. Qg4 O-O 14. Rf1 d6 15.
f5 Qxe5 16. Nc4 Qe7 17. Be3 Nf6 18. Qg3 d5 19. O-O-O dxc4 20. Bxh6 Nh5 21. Qg4
Be3+ 22. Bxe3 Qxe3+ 23. Kb1 cxb3 24. Qxh5 bxa2+ 25. Kxa2 Qh6 26. Qg4 Ne5 27.
Qg3 Qf6 28. Rd5 0-1

[Event "Flint (Class DE/4)"]
[Site "?"]
[Date "1993.??.??"]
[Round "?"]
[White "Pontoni, M."]
[Black "Callahan, M."]
[Result "1-0"]
[WhiteElo "1605"]
[BlackElo "1605"]
[PlyCount "47"]
[EventDate "1993.??.??"]

1. e4 c5 2. g3 Nc6 3. Bg2 Nf6 4. c4 e5 5. Ne2 Be7 6. Nbc3 O-O 7. O-O Ne8 8. Nd5
Bh4 9. Nec3 d6 10. Qe1 Nd4 11. Rb1 Bg4 12. d3 Bf3 13. Be3 Bxg2 14. Kxg2 Ne6 15.
gxh4 Qxh4 16. f4 Nf6 17. Qxh4 Rad8 18. Nxf6+ gxf6 19. Qxf6 Ng7 20. f5 Ne8 21.
Qxd8 b6 22. Bh6 Ng7 23. Qg5 Re8 24. Qxg7# 1-0

[Event "Lansing (MI Am/1)"]
[Site "?"]
[Date "1993.??.??"]
[Round "?"]
[White "Pontoni, M."]
[Black "Burg, Dan"]
[Result "0-1"]
[WhiteElo "1605"]
[BlackElo "1800"]
[PlyCount "106"]
[EventDate "1993.??.??"]

1. e4 e5 2. Nf3 Nc6 3. Bb5 Nd4 4. Nc3 Nxb5 5. Nxb5 d6 6. d4 exd4 7. Qxd4 Bd7 8.
Qc4 Bc6 9. Be3 Nf6 10. Ng5 Qe7 11. O-O-O Bxb5 12. Qxb5+ c6 13. Qd3 h6 14. Nh3
Qxe4 15. Rhe1 Qxd3 16. Rxd3 Kd7 17. Red1 Nd5 18. Nf4 Nxe3 19. Rxe3 Be7 20. Kb1
Rhe8 21. Nh5 g6 22. Ng3 f5 23. f4 Bf8 24. Red3 Re6 25. Nf1 Rae8 26. R3d2 Re2
27. Rxe2 Rxe2 28. g3 Ke6 29. c3 d5 30. Kc1 Bc5 31. Rd2 Re4 32. Kd1 d4 33. cxd4
Bxd4 34. b3 Kd5 35. Rd3 c5 36. Kd2 c4 37. bxc4+ Kxc4 38. Ne3+ Rxe3 39. Rxe3
Bxe3+ 40. Kxe3 b5 41. g4 b4 42. gxf5 gxf5 43. Kf3 a5 44. Kg3 a4 45. Kh4 b3 46.
axb3+ axb3 47. Kh5 b2 48. Kg6 b1=Q 49. Kxh6 Qg1 50. h4 Kd5 51. h5 Ke6 52. Kh7
Kf6 53. h6 Kf7 0-1